000
00295nam a2200133 4500
008
190305b xxu||||| |||| 00| 0 eng d
020
_a
2740322128195
041
_a
eng
080
_2
7th
_a
371
100
_a
46
101
_a
EDU
245
_a
Learning and Behavior
_c
Chance,P
942
_2
ddc
_c
BK
999
_c
54577
_d
54577